Ueber Haematom und Perichondritis des Nasenseptums /

Hlavní autor: Friedheim, Ernst
Korporativní autor: Friedrich-Wilhelms-Universität Berlin
Jazyk: Němčina
Vydáno: Berlin : Ernst Friedheim, 1897
Témata:
Fyzický popis: 37 s.
Knihy
Uloženo v:
LEADER 01022nam a22003132a 4500
001 001682443
003 CZ BrMZK
005 20190801115637.0
007 ta
008 190512s1897 gw frm||||||||||ger d
040 |a BOA001  |b cze  |e aacr2 
072 7 |a 616  |x Patologie. Klinická medicína  |2 Konspekt  |9 14 
080 |a 616.211  |2 MRF 
080 |a (048.3)  |2 MRF 
080 |a (043.3)  |2 MRF 
100 1 |a Friedheim, Ernst  |4 dis 
245 1 0 |a Ueber Haematom und Perichondritis des Nasenseptums /  |c Ernst Friedheim 
260 |a Berlin :  |b Ernst Friedheim,  |c 1897 
300 |a 37 s. 
502 |a Disertace--Friedrich-Wilhelms-Universität Berlin, 1897 
650 0 7 |a nemoci nosu  |7 ph546084  |2 czenas 
655 7 |a teze  |7 fd133701  |2 czenas 
655 7 |a disertace  |7 fd132024  |2 czenas 
710 2 |a Friedrich-Wilhelms-Universität Berlin  |7 ko2004238874 
910 |a BOA001  |b X-0379.661 
990 |a BK 
993 |a Y 
991 |b 201905 
996 6 |b 2618978195  |c X-0379.661  |l MZK  |r Sklad / do 24 hodin  |n 0  |w 001722308  |u 000010  |a 1  |e BOA001  |j MZK50  |s P